=LDR 00000nam 2200000 4500 =001 NUTBA000000000002704 =005 20250306105258 =035 ##$$a 0010-061400000000647 =008 250306################g##########0#ind## =020 ##$$a 979-9417-53-9 =040 ##$$a NBPDMAT =082 ##$$a 371.394 4 =090 ##$$a 371.394 4 $b Sur s =100 ##$$a Suroso =245 1#$$a Smart brain : $b metode menghafal cepat dan meningkatkan ketajaman memori /$c Suroso =260 ##$$a Surabaya :$b Sic,$c 2012 =300 ##$$a vi, 158 hlm. : $b ilus. ; $c 15 x 21 cm. =650 #4$$a Belajar-metode =084 ##$$a 371.394 4 SUR s =250 ##$$a Cet. 3 =504 ##$$a Bibliografi : Hlm. 156 - 157 =990 ##$$a 21402102 =990 ##$$a 21402103 =990 ##$$a 21402104 =990 ##$$a 21402105 =990 ##$$a 21402106 =990 ##$$a 0001/BPAP-NTB/20142015 =990 ##$$a 21402104 =990 ##$$a 21402104 =990 ##$$a 21402102 =990 ##$$a 21402102 =990 ##$$a 21402103 =990 ##$$a 21402103 =990 ##$$a 21402105 =990 ##$$a 21402105 =990 ##$$a 21402106 =990 ##$$a 21402106 =990 ##$$a 0001/BPAP-NTB/20142015 =990 ##$$a 0001/BPAP-NTB/20142015